[Event "Top 12 2021"]
[Site "Chalons en Champagne, France"]
[Date "2021.06.26"]
[Round "3.48"]
[White "Ruhlmann, Helene ERD"]
[Black "Afraoui, Anaelle CLI"]
[Result "0-1"]
[WhiteElo "1816"]
[BlackElo "2085"]

1. d4 {[%clk 01:30:57]} {[%emt 00:00:02]} Nf6 {[%clk 01:30:48]} {[%emt
00:00:12]} 2. c4 {[%clk 01:31:22]} {[%emt 00:00:06]} d6 {[%clk 01:31:13]}
{[%emt 00:00:05]} 3. Nc3 {[%clk 01:31:42]} {[%emt 00:00:09]} g6 {[%clk
01:31:34]} {[%emt 00:00:09]} 4. e4 {[%clk 01:32:03]} {[%emt 00:00:09]} Bg7
{[%clk 01:31:56]} {[%emt 00:00:08]} 5. h3 {[%clk 01:32:22]} {[%emt 00:00:11]}
O-O {[%clk 01:31:49]} {[%emt 00:00:37]} 6. Be3 {[%clk 01:32:48]} {[%emt
00:00:04]} e5 {[%clk 01:29:12]} {[%emt 00:03:06]} 7. d5 {[%clk 01:32:56]}
{[%emt 00:00:23]} c6 {[%clk 01:28:02]} {[%emt 00:01:40]} 8. g4 {[%clk
01:31:41]} {[%emt 00:01:45]} cxd5 {[%clk 01:23:26]} {[%emt 00:05:06]} 9. cxd5
{[%clk 01:31:30]} {[%emt 00:00:41]} Nbd7 {[%clk 01:23:50]} {[%emt 00:00:06]} 10.
Nge2 {[%clk 01:30:10]} {[%emt 00:01:51]} Nc5 {[%clk 01:23:37]} {[%emt
00:00:42]} 11. Ng3 {[%clk 01:29:55]} {[%emt 00:00:45]} Qa5 {[%clk 01:18:41]}
{[%emt 00:05:22]} 12. Qd2 {[%clk 01:24:58]} {[%emt 00:05:30]} Nb3 {[%clk
01:15:40]} {[%emt 00:03:31]} 13. axb3 {[%clk 01:22:09]} {[%emt 00:03:19]} Qxa1+
{[%clk 01:15:35]} {[%emt 00:00:36]} 14. Nd1 {[%clk 01:22:30]} {[%emt 00:00:08]}
b6 {[%clk 01:10:25]} {[%emt 00:05:40]} 15. b4 {[%clk 01:12:15]} {[%emt
00:10:44]} Qa4 {[%clk 01:06:53]} {[%emt 00:04:02]} 16. b5 {[%clk 01:11:52]}
{[%emt 00:00:54]} Nxe4 {[%clk 01:05:04]} {[%emt 00:02:19]} 17. Nxe4 {[%clk
01:10:07]} {[%emt 00:02:14]} Qxe4 {[%clk 01:05:23]} {[%emt 00:00:11]} 18. Rg1
{[%clk 01:08:29]} {[%emt 00:02:08]} f5 {[%clk 00:58:12]} {[%emt 00:07:40]} 19.
b3 {[%clk 00:12:58]} {[%emt 00:56:01]} f4 {[%clk 00:49:41]} {[%emt 00:09:00]}
20. Bd3 {[%clk 00:11:18]} {[%emt 00:02:11]} fxe3 {[%clk 00:49:59]} {[%emt
00:00:12]} 21. fxe3 {[%clk 00:11:42]} {[%emt 00:00:06]} Qf3 {[%clk 00:50:14]}
{[%emt 00:00:15]} 0-1